• 首页
  • 本馆介绍
  • 公告通知
  • 最新文献
  • 馆藏检索
  • 电子资源
  • 读者导购
  • 参考咨询
  • 我的图书馆
  • 登录
  • 详细信息显示
  • 放入我的书架
  • 预约/预借图书
  • 作者相关作品
  • 分类相关作品
  • 丛书相关作品
  • 出版社相关作品

书目信息

  • 表格格式
  • 工作单格式
  • 卡片格式
题名:
郭墟中篇小说集
    
 
作者: 郭墟 著
分册:  
出版信息: 北京   少年儿童出版社  1982.8
页数: 220页
开本: 20cm
丛书名:
单 册:
中图分类: I286.4
科图分类:
主题词: 儿童文学--中国 , 儿童文学--中国--丛书
电子资源:
ISBN:
000 00522nam0 2200193 45
001 0312221749
005 20060804154848.50
010    @dCNY0.45
100    @a20031222d1982 km y0chiy0120 ea
101    @achi
200 1  @a郭墟中篇小说集@AGuo Xu Zhong Pian Xiao Shuo Ji@f郭墟著@FGuo Xu Zhu
210    @a北京@c少年儿童出版社@d1982.8
215    @a220页@d20cm
606 0  @a儿童文学@x中国
606 0  @a儿童文学@x中国@x丛书
690    @aI286.4@v3
701 0  @a郭墟@4著
801    @aCN@bTSTCL@c20060804
905    @a213230@dI286.4@e39
    
    郭墟中篇小说集/郭墟著.-北京:少年儿童出版社,1982.8
    220页;20cm
    
    
    ISBN :CNY0.45
    
●
相关链接 在E读中查询图书 在五车中查询图书 在当当中查询图书 在豆瓣中查询图书


正题名:郭墟中篇小说集     索取号:I286.4/39         预约/预借

序号 登录号 条形码 馆藏地/架位号 状态 备注
1 0077236   000891761   第一样本阅览室/ [索取号:I286.4/39] 在馆    
2 0449444   204494449   密集书库/ [索取号:I286.4/39] 在馆    
唐山师范学院图书馆 欢迎您!
大连网信软件有限公司© 版权所有